Detalles MARC
| 000 -LEADER |
| fixed length control field |
02766nam a2200277 a 4500 |
| 001 - CONTROL NUMBER |
| control field |
000005040 |
| 003 - CONTROL NUMBER IDENTIFIER |
| control field |
DO-SdBNP |
| 005 - DATE AND TIME OF LATEST TRANSACTION |
| control field |
20210817082443.0 |
| 008 - FIXED-LENGTH DATA ELEMENTS--GENERAL INFORMATION |
| fixed length control field |
090729s2004 dr acd 001 0 spa d |
| 040 ## - CATALOGING SOURCE |
| Original cataloging agency |
DO-SdBNP |
| Language of cataloging |
spa |
| Transcribing agency |
BPMSU |
| 082 ## - DEWEY DECIMAL CLASSIFICATION NUMBER |
| Classification number |
333.72 |
| Item number |
R426p 2004 |
| Edition number |
22 |
| 110 2# - MAIN ENTRY--CORPORATE NAME |
| Corporate name or jurisdiction name as entry element |
República Dominicana |
| Subordinate unit |
Secretaría de Estado de Medio Ambiente y Recursos Naturales. |
| 245 10 - TITLE STATEMENT |
| Title |
Programa Nacional de Valorización de Áreas Protegidas / |
| Statement of responsibility, etc. |
prólogo Frank Moya Pons. |
| 260 ## - PUBLICATION, DISTRIBUTION, ETC. (IMPRINT) |
| Place of publication, distribution, etc. |
Santo Domingo : |
| Name of publisher, distributor, etc. |
Secretaría de Estado de Medio Ambiente y Recursos Naturales, |
| Date of publication, distribution, etc. |
2004. |
| 300 ## - PHYSICAL DESCRIPTION |
| Extent |
194 p. : |
| Other physical details |
il. retrs., tablas ; |
| Dimensions |
22 cm. |
| 504 ## - BIBLIOGRAPHY, ETC. NOTE |
| Bibliography, etc |
Bibliografía: p. 194. |
| 505 2# - FORMATTED CONTENTS NOTE |
| Formatted contents note |
Prólogo -- |
| Title |
Metodología -- |
| -- |
Aspectos estratégicos del sistema nacional de áreas protegidas -- |
| -- |
Programa Nacional de Valorización de las áreas protegidas 2003-2004 -- |
| -- |
Marco lógico 2003-2004 por subprogramas -- |
| -- |
Planes Operativos por Área Protegida: |
| -- |
Parque nacional José del Carmen Ramírez -- Parque nacional Armando Bermúdez -- Parque nacional del Este -- Parque nacional Los Haitises Suroeste -- Parque nacional Los Haitises Nordeste -- Parque nacional Lago Enrriquillo -- Parque nacional Sierra de Bahoruco -- Parque nacional Jaragua -- Parque nacional Cabo Francés Viejo -- Monumento Natural Loma Isabel de Torres -- Parque nacional de Monte Cristi (Estero Hondo) --Refugio de fauna silvestre Laguna Cabral -- Reserva cientifica loma Guaconejo -- Parque nacional Bahía de Maimón -- Monumento natural Dunas de las Calderas -- Reserva antropológica Cuevas de Borbón (Pomier) -- Parque nacional Monte Cristi -- Parque nacional Nalga de Maco -- Parque histórico Concepción de La Vega Vieja -- Parque histórico La Isabela -- Parque Urbano Los Tres Ojos -- Monumento natural Isla Catalina -- Reserva cientifíca de Loma Quita Espuela -- Parque submarino La Caleta -- Parque Litoral Sur Santo Domingo -- Refugio de fauna silvestre Laguna de Bávaro -- Parque nacional Sierra de Neyba -- Reserva cientifíca de Ébano Verde -- Reserva científica Villa Elisa -- Parque urbano Mirador Sur --Refugio de vida silvestre Lagunas Redonda y Limón -- |
| -- |
Instructivo para talleres de formulación y actualización de planes operativos anuales -- |
| -- |
Lista de áreas protegidas. |
| -- |
Anexo: Estrategia de mercadeo de las áreas protegidas de la República Dominicana. |
| 590 ## - LOCAL NOTE (RLIN) |
| Local note |
Inventariado, 2021/VM |
| 650 #4 - SUBJECT ADDED ENTRY--TOPICAL TERM |
| Topical term or geographic name as entry element |
Áreas de conservación de recursos naturales |
| General subdivision |
Valoración |
| Geographic subdivision |
República Dominicana |
| 650 #4 - SUBJECT ADDED ENTRY--TOPICAL TERM |
| Topical term or geographic name as entry element |
Conservación de los recursos naturales |
| Geographic subdivision |
República Dominicana |
| 650 #4 - SUBJECT ADDED ENTRY--TOPICAL TERM |
| Topical term or geographic name as entry element |
Áreas protegidas |
| Geographic subdivision |
República Dominicana |
| 651 #4 - SUBJECT ADDED ENTRY--GEOGRAPHIC NAME |
| Geographic name |
Política ambiental |
| Geographic subdivision |
República Dominicana |
| 700 1# - ADDED ENTRY--PERSONAL NAME |
| Personal name |
Moya Pons, Frank, |
| Dates associated with a name |
1944- |
| Relator term |
pról. |
| 910 ## - USER-OPTION DATA (OCLC) |
| User-option data |
VMateo V. |
| 942 ## - ADDED ENTRY ELEMENTS (KOHA) |
| Source of classification or shelving scheme |
Dewey Decimal Classification |
| Koha item type |
Libros |